Sports Quiz

Random Sports or NBA Quiz
Score 0/16 Timer 04:00
0 Plays Today
Years Head Coach % Correct
2014-2018Jason Kidd
93%
2018-Mike Budenholzer
93%
1976-1987Don Nelson
74.4%
1998-2003George Karl
72.1%
2018Joe Prunty
69.8%
2008-2013Scott Skiles
67.4%
1968-1976Larry Costello
62.8%
1987-1991Del Harris
62.8%
Years Head Coach % Correct
2003-2005Terry Porter
62.8%
2007-2008Larry Krystkowiak
58.1%
2013-2014Larry Drew
58.1%
1996-1998Chris Ford
53.5%
1992-1995Mike Dunleavy
51.2%
1991-1992Frank Hamblen
48.8%
2013Jim Boylan
48.8%
2005-2007Terry Stotts
44.2%
Remove Ads.
Support Sporcle.
Get the best of Sporcle when you Go Orange. This ad-free experience offers more features, more stats, and more fun while also helping to support Sporcle. Thank you for becoming a member.

You're not logged in!

Compare scores with friends on all Sporcle quizzes.
OR
Log In

Sporcle TV

Today on Sporcle TV


Watch our educational content, quiz creation guides, and fun videos on Sporcle TV.

Show Comments

Extras

Top Quizzes Today


Score Distribution

Paid Content

Your Account Isn't Verified!

In order to create a playlist on Sporcle, you need to verify the email address you used during registration. Go to your Sporcle Settings to finish the process.

Report this User

Report this user for behavior that violates our Community Guidelines.

Details: